Normal view
MARC view
Entry Personal Name
001 - CONTROL NUMBER
- control field: 1178046
003 - CONTROL NUMBER IDENTIFIER
- control field: OSt
005 - DATE AND TIME OF LATEST TRANSACTION
- control field: 20260324125444.0
008 - FIXED-LENGTH DATA ELEMENTS
- fixed length control field: 260324|| aca||aabn | a|a d
040 ## - CATALOGING SOURCE
- Original cataloging agency: OSt
- Transcribing agency: OSt
100 ## - HEADING--PERSONAL NAME
- Personal name: E. Jean Gubbins; Kristin S. McMillen; Joseph S. Renzulli; Rebecca D. Eckert; Catherine A. Little
670 ## - SOURCE DATA FOUND
- Source citation: Work cat.: (OSt)1773325: E. Jean Gubbins; Kristin S. McMillen; Joseph S. Renzulli; Rebecca D. Eckert; Catherine A. Little, Systems and Models for Developing Programs for the Gifted and Talented
